| 000 | nkm a22 a 4500 | ||
|---|---|---|---|
| 999 |
_c208575 _d208575 |
||
| 003 | BLK | ||
| 005 | 20210211131413.0 | ||
| 008 | 180412b bul rap|r|||| r0| ||bulo| | ||
| 010 | _aKNG00044042000 | ||
| 040 | _aBLK | ||
| 041 |
_aSPA _cDRU |
||
| 080 |
_aСоциография. Социално положение. Условия на политическия и социалния живот. Социално и социално-икономическо положение на отделните страни, народи, раси. Социална география. (Общи въпроси) _b308 _x(729.1) _z308(729.1) |
||
| 139 |
_aCuba _bC 94 |
||
| 245 | 1 | 0 |
_aCuba _bAlbum de fotos _caut. del texte y comp. V. P. Vesenski; red. O. T. Darushenkov. |
| 257 | _aSUN | ||
| 260 |
_aMoscu _bPlaneta _c1980 |
||
| 300 |
_a238 c. _bфотогр. _c28 см |
||
| 380 | _a3 | ||
| 650 | 4 |
_aКуба _9272036 |
|
| 651 | 4 |
_aКуба _9272036 |
|
| 653 | _aКуба | ||
| 700 | 1 |
_aVesenski, V. P. _eaut. del texte y comp. _927280 |
|
| 700 | 1 |
_aDarushenkov, O. T. _ered. _98028 |
|
| 852 | _aЦб ІІ 27030 | ||
| 856 | 4 |
_qpdf _u |
|
| 856 | 4 |
_qpdf _u |
|
| 942 |
_cGRA _n0 _s1 |
||
| 944 |
_aCR _c01.01.1999 _kAB_DOS |
||
| 944 |
_aED _c17.06.2015 _kИрена_Линкова |
||
| 999 | _d208575 | ||